| 000 | 00430cam a2200169ua 4500 | ||
|---|---|---|---|
| 020 | _c7.00 | ||
| 041 |
_amal _h |
||
| 082 |
_a954.83 _bEMS/KE |
||
| 100 | _aE M S, Namboodiripad . | ||
| 245 |
_aKeralam: Malayalikalude mathrubhumi / _cE M S Namboodiripad. _hTextual Documents |
||
| 260 |
_aThrissur : _bCurrent Books , _c1948. |
||
| 300 | _a484 ; . | ||
| 365 | _a7.00 | ||
| 504 | _a | ||
| 942 | _cBK | ||
| 999 |
_c6302 _d6302 |
||